Alle PDC Darts Turniersieger 1994 - Statistiken

Allgemein
  • Dieses Quiz wurde 43 mal gespielt
  • Das Durchschnittsergebnis liegt bei 4 aus 7
Antwortstatistiken
Turnier Land Dartsspieler % Korrekt
PDC Laka UK Masters England Phil Taylor
96%
World Darts Championship England Dennis Priestley
83%
PDC UK Matchplay England Dennis Priestley
83%
Antwerb Open England Dennis Priestley
83%
World Matchplay USA Larry Butler
54%
PDC Samson Darts Classic England Peter Evison
25%
Isle Of Man Open England Mick Manning
13%
Keine übereinstimmenden Quizze gefunden
Verteilung der Resultate
Anzahl Personen mit jedem Resultat
Perzentil nach korrekt beantworteten Fragen
Ihre Resultats-Entwicklung
Sie haben dieses Quiz noch nicht gespielt